000
00198 a2200097 4500
001
42956
100
_a
John
245
_a
The boss
260
_a
London
_b
Arthur barker ltd
_c
090
_c
26836
_d
26836
942
_a
NUST-CAE
_c
M
_c
18709
999
_c
278029
_d
278029